[Event "Topusko op 4th"]
[Site "Topusko"]
[Date "2015.08.07"]
[Round "8"]
[White "Zugaj, Marijan"]
[Black "Vidmar, Klara"]
[Result "1/2-1/2"]
[WhiteElo "1878"]
[BlackElo "1452"]
[PlyCount "116"]
[EventDate "2015.08.01"]
[EventType "swiss"]
[EventRounds "9"]
[EventCountry "CRO"]
[SourceTitle "CBM 167 Extra"]
[Source "ChessBase"]
[SourceDate "2015.09.14"]
[SourceVersion "1"]
[SourceVersionDate "2015.09.14"]
[SourceQuality "1"]

1. e4 e5 2. Nf3 Nc6 3. Bc4 Bc5 4. 0-0 Nf6 5. d4 Bxd4 6. c3 Bc5 7. Ng5 0-0 8. Be3 Bxe3 9. fxe3 h6 10. Nf3 Nxe4 11. Nbd2 Nf6 12. Qe2 d5 13. Bb3 Be6 14. Rad1 Qe7 15. h3 Rad8 16. Nh4 d4 17. exd4 Bxb3 18. Nxb3 exd4 19. Qxe7 Nxe7 20. Nxd4 Ned5 21. Ndf5 Kh7 22. Rde1 Rfe8 23. c4 Nb6 24. b3 Rxe1 25. Rxe1 Re8 26. Rd1 Re2 27. a3 Rb2 28. Rd3 Nfd7 29. Nd4 a6 30. Rg3 Rd2 31. Nhf3 Rd3 32. Ng5+ hxg5 33. Rxd3 Ne5 34. Re3 Nbd7 35. c5 f6 36. b4 b6 37. c6 Nf8 38. a4 Nfg6 39. a5 bxa5 40. bxa5 Nc4 41. Rc3 Nge5 42. Nf3 Nxf3+ 43. gxf3 Nxa5 44. Kf2 Kg6 45. Ke3 Kf7 46. Kd4 Ke6 47. Kc5 Kf5 48. Kb4 Nxc6+ 49. Rxc6 Kf4 50. Rxc7 Kxf3 51. Rxg7 Kg3 52. Rg6 Kxh3 53. Rxf6 g4 54. Kc3 g3 55. Rxa6 g2 56. Rh6+ Kg3 57. Rg6+ Kf2 58. Rxg2+ Kxg2 1/2-1/2

[Event "Topusko op 4th"]
[Site "Topusko"]
[Date "2015.08.05"]
[Round "6"]
[White "Zugaj, Marijan"]
[Black "Conjar, Velimir"]
[Result "0-1"]
[WhiteElo "1878"]
[BlackElo "2021"]
[PlyCount "88"]
[EventDate "2015.08.01"]
[EventType "swiss"]
[EventRounds "9"]
[EventCountry "CRO"]
[SourceTitle "CBM 167 Extra"]
[Source "ChessBase"]
[SourceDate "2015.09.14"]
[SourceVersion "1"]
[SourceVersionDate "2015.09.14"]
[SourceQuality "1"]

1. e4 e6 2. d4 d5 3. Nd2 c5 4. dxc5 Bxc5 5. Nb3 Bb6 6. exd5 Nf6 7. Be3 Bxe3 8. fxe3 Qxd5 9. Qf3 0-0 10. Bd3 Nc6 11. Ne2 Ne5 12. Qxd5 Nxd5 13. Kd2 b6 14. Nf4 Bb7 15. Rhg1 Rfd8 16. Nxd5 Bxd5 17. Nd4 Nxd3 18. cxd3 e5 19. Nb3 Rd7 20. Ke2 g6 21. Rac1 Rad8 22. Rc3 Bb7 23. Nc1 Kg7 24. e4 f5 25. g3 fxe4 26. Ke3 exd3 27. Nxd3 Rf8 28. Nc1 e4 29. g4 Rf3+ 30. Ke2 Ba6+ 31. Ke1 Rxc3 32. bxc3 Kf6 33. h4 Ke5 34. h5 g5 35. Ne2 Bxe2 36. Kxe2 Kf4 37. a4 Rd3 38. Rf1+ Kxg4 39. Rf7 h6 40. Rxa7 Kxh5 41. Rc7 Kg4 42. c4 h5 43. c5 bxc5 44. Rxc5 h4 0-1

[Event "Topusko op 2nd"]
[Site "Topusko"]
[Date "2013.08.06"]
[Round "4"]
[White "Dejanovic, Tereza"]
[Black "Zugaj, Marijan"]
[Result "0-1"]
[WhiteElo "1795"]
[BlackElo "1911"]
[PlyCount "116"]
[EventDate "2013.08.03"]
[EventType "swiss"]
[EventRounds "7"]
[EventCountry "CRO"]
[SourceTitle "CBM 155 Extra"]
[Source "ChessBase"]
[SourceDate "2013.08.26"]
[SourceVersion "1"]
[SourceVersionDate "2013.08.26"]
[SourceQuality "1"]

1. e4 e5 2. Nf3 d6 3. h3 Nf6 4. Nc3 Be7 5. Bc4 c6 6. 0-0 b5 7. Bd3 0-0 8. a3 Qc7 9. Re1 Nbd7 10. Bf1 Bb7 11. d3 a5 12. Bd2 d5 13. exd5 Nxd5 14. Nxd5 cxd5 15. Bf4 Bd6 16. Bh2 Rae8 17. Rc1 b4 18. axb4 axb4 19. Qd2 Qb6 20. Qe3 d4 21. Qe2 f5 22. Bg3 e4 23. dxe4 Bxg3 24. fxg3 d3+ 25. Qe3 Qxe3+ 26. Rxe3 fxe4 27. Nd4 Ba6 28. cxd3 exd3 29. Rxe8 Rxe8 30. Nf3 Ne5 31. Rd1 Nxf3+ 32. gxf3 Rc8 33. Bxd3 Bxd3 34. Rxd3 Rc1+ 35. Kf2 Rc2+ 36. Ke1 Rxb2 37. Rd2 Rb1+ 38. Rd1 Rb3 39. Ke2 Kf7 40. Rd3 Ra3 41. Rd7+ Kf6 42. Rb7 b3 43. Rb5 Ra2+ 44. Kd3 b2 45. Kc2 Ra3 46. Kxb2 Rxf3 47. Rb6+ Kg5 48. h4+ Kf5 49. Rb5+ Ke4 50. Rg5 Rf7 51. Rg4+ Kf3 52. Rg5 g6 53. Kc3 Rf5 54. Rxf5+ gxf5 55. Kd4 Kxg3 56. Ke5 f4 57. Ke4 f3 58. Ke3 Kg2 0-1

[Event "Velika Gorica op 9th"]
[Site "Velika Gorica"]
[Date "2010.08.23"]
[Round "1"]
[White "Jelecevic, Ivo"]
[Black "Zugaj, Marijan"]
[Result "1-0"]
[WhiteElo "2233"]
[BlackElo "1905"]
[PlyCount "97"]
[EventDate "2010.08.23"]
[EventType "swiss"]
[EventRounds "9"]
[EventCountry "CRO"]
[SourceTitle "CBM 138 Extra"]
[Source "ChessBase"]
[SourceDate "2010.10.29"]
[SourceVersion "1"]
[SourceVersionDate "2010.10.29"]
[SourceQuality "1"]

1. e4 e5 2. Nf3 Nc6 3. Bb5 a6 4. Ba4 Nf6 5. 0-0 b5 6. Bb3 Be7 7. d4 Nxd4 8. Nxd4 exd4 9. e5 Bb7 10. exf6 gxf6 11. c4 c5 12. Qe2 Qb6 13. Bf4 Qe6 14. Re1 d5 15. cxd5 Qxe2 16. Rxe2 Kd7 17. d6 Bxd6 18. Bxd6 Kxd6 19. Bxf7 Bd5 20. Bxd5 Kxd5 21. Nd2 Rhe8 22. Rae1 Rxe2 23. Rxe2 c4 24. Kf1 b4 25. Ne4 Rf8 26. Ke1 a5 27. f3 a4 28. Kd2 f5 29. Ng3 d3 30. Re7 Rg8 31. Rd7+ Kc6 32. Rxh7 f4 33. Rh6+ Kb5 34. Rh5+ Kb6 35. Rh3 fxg3 36. hxg3 Re8 37. Rh6+ Kb7 38. Rh4 Re2+ 39. Kd1 c3 40. Rxb4+ Ka6 41. bxc3 Rxg2 42. Rxa4+ Kb5 43. Rg4 Rf2 44. a4+ Ka5 45. Rf4 Kb6 46. g4 Kc5 47. g5 Kd5 48. g6 Ke5 49. Rg4 1-0